01407 2200301 4500001002100000005001500021035002000036007000300056008004100059020002100100082001100121084002000132100003000152245013800182250002900320300003100349650002200380700002900402700003200431700002400463520046400487264004800951336002100999337003001020338002301050990001601073990001601089INLIS00000000116463920240926023911 a0010-0924000091ta240926 g 0 ind  a978-623-220124-8 a2X9.12 aSR 2X9.12 QIM j0 aAl-Qimni, Sayyidepenulis1 aJalan politik Muhammad SAW mewujudkan daulah rasul /cSayyid Al-Qimni; penerjemah, Rony Nugroho; penyunting, Muhammad Husnil, Fajar K aCetakan 1, Desember 2021 aviii, 504 halaman ;c23 cm 4aNabi Muhammad SAW0 aRony Nugrohoepenerjemah0 aMuhammad Husnilepenyunting0 aFajar Kepenyunting aBuku ini menyajikan pandangan kritis Sayyid al-Qimni, pemikir kontemporer Mesir, dalam membaca sejarah awal Islam dan sosok Nabi Muhammad dari perspektif politik. Merujuk pada sumber-sumber klasik yang otoritatif, al-Qimni melihat sosok Nabi Muhammad sebagai politikus lihai yang dalam setiap kesempatan mampu mendulang pengaruh dan simpati untuk memperkuat posisinya. Membaca buku ini, kita akan melihat sisi lain yang jauh berbeda dari seorang Muhammad SAW. aTangerang Selatan :bPustaka Alvabet,c2021 2rdacontentateks 2rdamediaatanpa perantara 2rdacarrieravolume a54430.67250 a54431.67251